[Event "Kimry Winter"]
[Site "Kimry"]
[Date "2010.01.24"]
[Round "3"]
[White "Lashkov, Vladimir"]
[Black "Bolgov, Leonid"]
[Result "1-0"]
[WhiteElo "1913"]
[BlackElo "1478"]
[PlyCount "110"]
[EventDate "2010.01.23"]
[EventType "swiss"]
[EventRounds "8"]
[EventCountry "RUS"]
[SourceTitle "EXT 2022"]
[Source "ChessBase"]
[SourceDate "2021.10.06"]
[SourceVersion "1"]
[SourceVersionDate "2021.10.06"]
[SourceQuality "1"]

1. d4 d5 2. e3 Nf6 3. Bd3 Nc6 4. f4 e6 5. c3 Be7 6. Nd2 Bd7 7. h3 h6 8. g4 g6 9. Ne2 a6 10. Ng3 b6 11. Nf3 h5 12. g5 Ng8 13. Nh4 a5 14. Nxg6 fxg6 15. Bxg6+ Kf8 16. Bxh5 Be8 17. Bg4 Bf7 18. Qc2 Ke8 19. g6 Nh6 20. gxf7+ Nxf7 21. Bxe6 Bh4 22. Rg1 Qe7 23. Qg6 Ncd8 24. Bxd5 Rh6 25. Qg8+ Kd7 26. Qg4+ Ke8 27. Bxa8 Re6 28. Kd1 Rh6 29. Nf5 Qe4 30. Bxe4 Rh8 31. Ng7+ Kf8 32. Nh5 Bf2 33. Qg7+ Ke7 34. Rg5 Bh4 35. Re5+ Kd7 36. Qg4+ Kd6 37. Qg6+ Kd7 38. Bf5+ Ne6 39. Bxe6+ Kd8 40. Nf6 Nxe5 41. dxe5 Bxf6 42. Qd3+ Ke7 43. Qd7+ Kf8 44. exf6 c6 45. f5 Rxh3 46. Qxc6 Rh7 47. e4 Rh1+ 48. Kc2 Rh2+ 49. Kb3 a4+ 50. Ka3 b5 51. Bf4 b4+ 52. cxb4 Rh3+ 53. b3 Rxb3+ 54. axb3 axb3 55. Rb1 b2 1-0

[Event "Kimry Winter"]
[Site "Kimry"]
[Date "2010.01.23"]
[Round "1"]
[White "Lashkov, Vladimir"]
[Black "Sadovaya, Anastasia"]
[Result "1-0"]
[WhiteElo "1913"]
[BlackElo "1419"]
[PlyCount "85"]
[EventDate "2010.01.23"]
[EventType "swiss"]
[EventRounds "8"]
[EventCountry "RUS"]
[SourceTitle "EXT 2022"]
[Source "ChessBase"]
[SourceDate "2021.10.06"]
[SourceVersion "1"]
[SourceVersionDate "2021.10.06"]
[SourceQuality "1"]

1. d4 d5 2. e3 Nc6 3. Bd3 Nf6 4. f4 Bg4 5. Ne2 e6 6. c3 Bd6 7. Nd2 0-0 8. h3 Bf5 9. Bb5 Ne4 10. Nf3 Ne7 11. g4 Bg6 12. h4 f5 13. h5 Be8 14. Bxe8 Qxe8 15. g5 Qd7 16. Ne5 Bxe5 17. dxe5 c5 18. c4 Rad8 19. cxd5 Qxd5 20. Qxd5 Rxd5 21. Nc3 Nxc3 22. bxc3 Rd3 23. Bd2 Rfd8 24. Rh2 Nd5 25. Rb1 b6 26. Rb2 Nxe3 27. Ke2 Nd5 28. Kxd3 Nxf4+ 29. Kc4 b5+ 30. Kxb5 Rb8+ 31. Kxc5 Rxb2 32. Bxf4 Rxh2 33. Bxh2 Kf7 34. Kd6 Ke8 35. Kxe6 Kf8 36. g6 hxg6 37. hxg6 Kg8 38. Bf4 Kh8 39. Kf7 a5 40. e6 a4 41. Bh6 gxh6 42. g7+ Kh7 43. g8Q# 1-0

[Event "Kimry Winter"]
[Site "Kimry"]
[Date "2010.01.23"]
[Round "2"]
[White "Torlopov, Nikita"]
[Black "Lashkov, Vladimir"]
[Result "1-0"]
[WhiteElo "2020"]
[BlackElo "1913"]
[PlyCount "91"]
[EventDate "2010.01.23"]
[EventType "swiss"]
[EventRounds "8"]
[EventCountry "RUS"]
[SourceTitle "EXT 2022"]
[Source "ChessBase"]
[SourceDate "2021.10.06"]
[SourceVersion "1"]
[SourceVersionDate "2021.10.06"]
[SourceQuality "1"]

1. e4 g6 2. d4 Bg7 3. Nc3 d6 4. f4 a6 5. Nf3 Bg4 6. Be3 Qc8 7. h3 Bd7 8. a4 Nc6 9. Bd3 h6 10. 0-0 Nd8 11. Qe1 Ne6 12. Qf2 c5 13. Nd5 cxd4 14. Nxd4 Qd8 15. Nxe6 Bxe6 16. Bb6 Qc8 17. Nc7+ Kd7 18. Nxa8 Qxa8 19. c4 Qc8 20. Rac1 Ke8 21. Rfd1 Nf6 22. c5 d5 23. e5 Nd7 24. b4 Kf8 25. b5 Nb8 26. c6 axb5 27. axb5 bxc6 28. bxc6 Kg8 29. Qc5 Kh7 30. Ra1 Qxc6 31. Bb5 Qxc5+ 32. Bxc5 Rc8 33. Rac1 Rc7 34. Bd4 Rb7 35. Rb1 Bf5 36. Rb2 Be4 37. Rc1 e6 38. Be8 Rxb2 39. Bxb2 Na6 40. Ba3 Bd3 41. Rc8 Bc4 42. Bxf7 g5 43. g3 Ba2 44. Bxe6 Kg6 45. f5+ Kh5 46. Bf7# 1-0

[Event "Kimry Summer op 45th"]
[Site "Kimry"]
[Date "2009.06.12"]
[Round "4"]
[White "Lashkov, Vladimir"]
[Black "Makhnev, Yuri"]
[Result "0-1"]
[WhiteElo "1955"]
[BlackElo "1872"]
[PlyCount "64"]
[EventDate "2009.06.11"]
[EventType "swiss"]
[EventRounds "8"]
[EventCountry "RUS"]
[SourceTitle "EXT 2022"]
[Source "ChessBase"]
[SourceDate "2021.10.06"]
[SourceVersion "1"]
[SourceVersionDate "2021.10.06"]
[SourceQuality "1"]

1. d4 Nf6 2. e3 e6 3. Bd3 b6 4. c3 Bb7 5. f3 Be7 6. Nd2 d5 7. Ne2 Nbd7 8. f4 c5 9. h3 Qc7 10. g4 Ne4 11. Nf3 f6 12. a4 h5 13. g5 fxg5 14. h4 g4 15. Ng5 Bxg5 16. hxg5 a5 17. Qb3 c4 18. Qd1 cxd3 19. Qxd3 Ba6 20. Qc2 Qc4 21. Rg1 Qxe2+ 22. Qxe2 Bxe2 23. Kxe2 Kf7 24. Rg2 Kg6 25. Kd3 Kf5 26. b4 h4 27. bxa5 bxa5 28. c4 h3 29. Raa2 hxg2 30. Rxg2 dxc4+ 31. Kc2 g3 32. Ba3 Rh2 0-1

[Event "Kimry-ch"]
[Site "Kimry"]
[Date "2009.01.07"]
[Round "9"]
[White "Presnyakov, Semen"]
[Black "Lashkov, Vladimir"]
[Result "1-0"]
[WhiteElo "1983"]
[BlackElo "1979"]
[PlyCount "65"]
[EventDate "2009.01.02"]
[EventType "swiss"]
[EventRounds "9"]
[EventCountry "RUS"]
[SourceTitle "EXT 2010"]
[Source "ChessBase"]
[SourceDate "2010.11.25"]
[SourceVersion "1"]
[SourceVersionDate "2010.11.25"]
[SourceQuality "1"]

1. d4 g6 2. e4 Bg7 3. Nc3 d6 4. Be3 a6 5. Qd2 b5 6. f3 Nc6 7. Bd3 e6 8. Nge2 Bd7 9. 0-0 h6 10. Nd1 Nce7 11. Rc1 g5 12. Nf2 Ng6 13. b3 N8e7 14. c4 f5 15. d5 f4 16. Bd4 e5 17. Bc3 h5 18. Ba5 Ra7 19. c5 g4 20. cxd6 Nc8 21. dxc7 Qg5 22. Ng3 Bh6 23. Nf5 Bxf5 24. exf5 Nh4 25. fxg4 Qg7 26. f6 Qxf6 27. Rc6 Qf7 28. Re6+ Kd7 29. Qc2 Ne7 30. Qc5 Rb7 31. Rc1 Rc8 32. Qd6+ Ke8 33. Qd8+ 1-0

[Event "Kimry-ch"]
[Site "Kimry"]
[Date "2009.01.02"]
[Round "1"]
[White "Lashkov, Vladimir"]
[Black "Volkov, Evgeny"]
[Result "0-1"]
[WhiteElo "1979"]
[BlackElo "2212"]
[PlyCount "100"]
[EventDate "2009.01.02"]
[EventType "swiss"]
[EventRounds "9"]
[EventCountry "RUS"]
[SourceTitle "EXT 2010"]
[Source "ChessBase"]
[SourceDate "2010.11.25"]
[SourceVersion "1"]
[SourceVersionDate "2010.11.25"]
[SourceQuality "1"]

1. d4 Nf6 2. e3 g6 3. Bd3 Bg7 4. c3 0-0 5. Nd2 d6 6. f4 Nc6 7. Nc4 e5 8. Ne2 exd4 9. exd4 Ne7 10. 0-0 Bf5 11. Ne3 Bxd3 12. Qxd3 Qd7 13. Bd2 Ng4 14. Nxg4 Qxg4 15. f5 Nd5 16. c4 Rae8 17. Rae1 Nf6 18. Rf4 Qh5 19. Ng3 Rxe1+ 20. Bxe1 Qh6 21. Bd2 g5 22. Rf3 Qh4 23. Be1 Re8 24. Bf2 Ng4 25. Nf1 Nxf2 26. Rxf2 Bxd4 27. g3 Bxf2+ 28. Kxf2 Qe4 29. Qxe4 Rxe4 30. Ne3 g4 31. Ke2 Kg7 32. Kd3 Rxe3+ 33. Kxe3 Kf6 34. Ke4 c6 35. b4 h5 36. a4 a6 37. Kf4 d5 38. c5 d4 39. Ke4 d3 40. Kxd3 Kxf5 41. Kd4 f6 42. Ke3 Ke5 43. Kd3 f5 44. Ke3 f4+ 45. gxf4+ Kf5 46. a5 h4 47. h3 gxh3 48. Kf3 h2 49. Kg2 Kxf4 50. Kxh2 Ke4 0-1

[Event "Kimry-ch"]
[Site "Kimry"]
[Date "2008.01.05"]
[Round "5"]
[White "Nefedov, Dmitriy"]
[Black "Lashkov, Vladimir"]
[Result "1-0"]
[WhiteElo "2126"]
[BlackElo "1978"]
[PlyCount "139"]
[EventDate "2008.01.02"]
[EventType "swiss"]
[EventRounds "9"]
[EventCountry "RUS"]
[SourceTitle "CBM 122 Extra"]
[Source "ChessBase"]
[SourceDate "2008.03.04"]
[SourceVersion "1"]
[SourceVersionDate "2008.03.04"]
[SourceQuality "1"]

1. Nf3 g6 2. c4 Bg7 3. d4 d6 4. g3 Bg4 5. Bg2 Qc8 6. h3 Bd7 7. Nc3 a6 8. e4 Nc6 9. Be3 Rb8 10. Rc1 Nd8 11. b4 h6 12. c5 Nc6 13. Qb3 Qd8 14. 0-0 b5 15. d5 Ne5 16. Nxe5 Bxe5 17. f4 Bg7 18. Rce1 e5 19. dxe6 Bxe6 20. Qc2 Ne7 21. f5 Bc4 22. f6 Bxf6 23. Rxf6 Nc6 24. Qf2 Nxb4 25. Bf1 Be6 26. a3 Nc6 27. Nd5 Ne5 28. cxd6 cxd6 29. Bb6 Rxb6 30. Qxb6 Qxb6+ 31. Nxb6 Ke7 32. Rf2 Nc4 33. Nxc4 bxc4 34. Rc1 Rc8 35. Rfc2 Rb8 36. h4 Rb3 37. Rc3 f5 38. exf5 gxf5 39. Rxb3 cxb3 40. Bxa6 d5 41. Rb1 d4 42. Kf2 Kd6 43. Ke1 Kc5 44. Kd2 Kb6 45. Be2 Ka5 46. Bd1 Ka4 47. Bxb3+ Bxb3 48. Kd3 Kxa3 49. Kxd4 Bc2 50. Rb8 Bd1 51. Ke5 Bg4 52. Kf4 h5 53. Kg5 Ka4 54. Rh8 Kb5 55. Rxh5 Bxh5 56. Kxh5 Kc5 57. Kg5 Kd6 58. Kxf5 Ke7 59. Kg6 Kf8 60. Kh7 Kf7 61. g4 Kf6 62. g5+ Kf5 63. g6 Kg4 64. g7 Kf4 65. g8Q Ke5 66. Qc4 Kf5 67. Qd4 Ke6 68. Kg6 Ke7 69. Qd5 Ke8 70. Kf6 1-0

[Event "Kimry-ch"]
[Site "Kimry"]
[Date "2008.01.02"]
[Round "1"]
[White "Makhnev, Vladimir"]
[Black "Lashkov, Vladimir"]
[Result "1-0"]
[WhiteElo "2282"]
[BlackElo "1978"]
[PlyCount "47"]
[EventDate "2008.01.02"]
[EventType "swiss"]
[EventRounds "9"]
[EventCountry "RUS"]
[SourceTitle "CBM 122 Extra"]
[Source "ChessBase"]
[SourceDate "2008.03.04"]
[SourceVersion "1"]
[SourceVersionDate "2008.03.04"]
[SourceQuality "1"]

1. e4 g6 2. d4 Bg7 3. Nc3 d6 4. Nf3 Bg4 5. Be2 Qc8 6. 0-0 a6 7. a4 Nc6 8. Be3 h6 9. Re1 Nf6 10. Qd2 g5 11. Rad1 Nd8 12. d5 c5 13. e5 dxe5 14. Nxe5 Bxe2 15. Rxe2 Qc7 16. f4 b6 17. d6 Qb7 18. dxe7 Ne6 19. f5 Nd4 20. Bxd4 cxd4 21. Qxd4 Qc7 22. Qd8+ Rxd8 23. exd8Q+ Qxd8 24. Ng6+ 1-0

[Event "Dubna op"]
[Site "Dubna"]
[Date "2007.08.12"]
[Round "14"]
[White "Mamedov, Elmin"]
[Black "Lashkov, Vladimir"]
[Result "0-1"]
[WhiteElo "1840"]
[BlackElo "1996"]
[PlyCount "58"]
[EventDate "2007.08.02"]
[EventType "swiss"]
[EventRounds "14"]
[EventCountry "RUS"]
[SourceTitle "EXT 2008"]
[Source "ChessBase"]
[SourceDate "2007.11.25"]
[SourceVersion "1"]
[SourceVersionDate "2007.11.25"]
[SourceQuality "1"]

1. e4 g6 2. d4 Bg7 3. Nf3 d6 4. c3 Bg4 5. Be2 Qc8 6. 0-0 a6 7. Be3 Nc6 8. h3 Bd7 9. Nbd2 h6 10. Nb3 Nf6 11. Qc2 g5 12. d5 Nd8 13. Nh2 Nh7 14. Bd4 Nf6 15. Rac1 h5 16. f3 c5 17. Be3 g4 18. hxg4 hxg4 19. fxg4 Nxg4 20. Nxg4 Bxg4 21. Bxg4 Qxg4 22. Nd2 Be5 23. Nf3 f6 24. Nxe5 dxe5 25. Bxc5 Nf7 26. Qf2 Ng5 27. Qf5 Nh3+ 28. Kh2 Nf4+ 29. Kg1 Qxg2# 0-1

[Event "Dubna op"]
[Site "Dubna"]
[Date "2007.08.09"]
[Round "10"]
[White "Inyakina, Alina"]
[Black "Lashkov, Vladimir"]
[Result "0-1"]
[WhiteElo "1726"]
[BlackElo "1996"]
[PlyCount "96"]
[EventDate "2007.08.02"]
[EventType "swiss"]
[EventRounds "14"]
[EventCountry "RUS"]
[SourceTitle "EXT 2008"]
[Source "ChessBase"]
[SourceDate "2007.11.25"]
[SourceVersion "1"]
[SourceVersionDate "2007.11.25"]
[SourceQuality "1"]

1. d4 g6 2. Nf3 Bg7 3. e4 d6 4. c3 Bg4 5. h3 Bd7 6. Bc4 h6 7. Qb3 e6 8. Qxb7 Nc6 9. Qb3 Na5 10. Qb4 c5 11. dxc5 Rb8 12. Bb5 Rxb5 13. Qa3 Nc4 14. Qxa7 Ne7 15. b4 dxc5 16. a4 Rb6 17. b5 Nc8 18. Qa8 Qc7 19. Nfd2 Nxd2 20. Bxd2 Rb8 21. Qa6 Nb6 22. a5 Ra8 23. axb6 Rxa6 24. bxc7 Rxa1 25. 0-0 0-0 26. b6 Bc6 27. Be3 Bxe4 28. Bxc5 Rfa8 29. Rd1 Bf6 30. f3 Bb7 31. c4 R1a4 32. Nd2 Ra1 33. Nb1 R1a5 34. Be3 Be7 35. Nc3 Ra1 36. Nb1 g5 37. c5 e5 38. Kf2 f5 39. Kg1 f4 40. Bf2 Rc8 41. Kh2 Ra2 42. Kg1 Kf7 43. Rc1 Bc6 44. Nc3 Rxf2 45. Kxf2 Bxc5+ 46. Kf1 Bxb6 47. Ne4 Rxc7 48. Nd6+ Ke6 0-1

[Event "Kimry Rating op 33rd"]
[Site "Kimry"]
[Date "2007.01.22"]
[Round "3"]
[White "Lashkov, Vladimir"]
[Black "Shpagin, Vlas"]
[Result "1-0"]
[WhiteElo "1993"]
[BlackElo "2084"]
[PlyCount "35"]
[EventDate "2007.01.21"]
[EventType "swiss"]
[EventRounds "7"]
[EventCountry "RUS"]
[SourceTitle "EXT 2010"]
[Source "ChessBase"]
[SourceDate "2010.11.25"]
[SourceVersion "1"]
[SourceVersionDate "2010.11.25"]
[SourceQuality "1"]

1. d4 Nf6 2. e3 g6 3. Bd3 Bg7 4. c3 0-0 5. Nd2 d6 6. f4 e5 7. Ne2 Ng4 8. Nf1 exf4 9. Nxf4 Re8 10. Qf3 c6 11. h3 Ne5 12. dxe5 dxe5 13. e4 exf4 14. Bxf4 Qa5 15. Bc4 Be6 16. Nd2 Bxc4 17. Nxc4 Na6 18. Nxa5 1-0

[Event "Kimry-ch"]
[Site "Kimry"]
[Date "2007.01.03"]
[Round "3"]
[White "Pospelov, Sergey Lvovich"]
[Black "Lashkov, Vladimir"]
[Result "1-0"]
[WhiteElo "2078"]
[BlackElo "1993"]
[PlyCount "59"]
[EventDate "2007.01.02"]
[EventType "swiss"]
[EventRounds "9"]
[EventCountry "RUS"]
[SourceTitle "EXT 2010"]
[Source "ChessBase"]
[SourceDate "2010.11.25"]
[SourceVersion "1"]
[SourceVersionDate "2010.11.25"]
[SourceQuality "1"]

1. e4 g6 2. d4 Bg7 3. f4 d6 4. Nf3 Bg4 5. Be2 Qc8 6. c3 a6 7. Be3 h6 8. Nbd2 Nc6 9. h3 Bd7 10. 0-0 Nf6 11. Nh4 d5 12. e5 Ne4 13. Nxe4 dxe4 14. d5 Nxe5 15. fxe5 Bxe5 16. Bd4 Bxd4+ 17. Qxd4 Rg8 18. Qxe4 b5 19. Rae1 a5 20. Nxg6 Rxg6 21. Bh5 Be6 22. Bxg6 Qa6 23. Bxf7+ Kd8 24. Bxe6 Qa7+ 25. Kh1 c6 26. dxc6 Kc7 27. Rd1 Qc5 28. Rd7+ Kb6 29. Qd4 b4 30. Rb7+ 1-0

[Event "Kimry-ch"]
[Site "Kimry"]
[Date "2005.01.??"]
[Round "3"]
[White "Lashkov, Vladimir"]
[Black "Pospelov, Sergey Lvovich"]
[Result "0-1"]
[WhiteElo "2014"]
[BlackElo "2103"]
[PlyCount "60"]
[EventDate "2005.01.??"]
[EventType "swiss"]
[EventRounds "9"]
[EventCountry "RUS"]
[SourceTitle "EXT 2006"]
[Source "ChessBase"]
[SourceDate "2005.11.24"]
[SourceVersion "1"]
[SourceVersionDate "2005.11.24"]
[SourceQuality "1"]

1. d4 Nf6 2. e3 d5 3. Bd3 Nc6 4. f4 e6 5. c3 Ne4 6. Nd2 Qh4+ 7. g3 Nxg3 8. Ndf3 Qh6 9. hxg3 Qxh1 10. Kf2 Qh6 11. e4 dxe4 12. Bxe4 f5 13. Bd3 Bd6 14. Qe2 Ne7 15. Bd2 Bd7 16. c4 c5 17. Be3 Rc8 18. Nh4 cxd4 19. Bd2 0-0 20. Ngf3 Ng6 21. Rh1 Nxh4 22. Rxh4 Qg6 23. g4 Bc6 24. c5 Bxf3 25. Qxf3 Be7 26. gxf5 Bxh4+ 27. Kf1 exf5 28. Qd5+ Kh8 29. Qxd4 Qg3 30. Bc3 Rcd8 0-1

[Event "Kimry op"]
[Site "Kimry"]
[Date "2004.08.05"]
[Round "4"]
[White "Lashkov, Vladimir"]
[Black "Shugaev, Sergey"]
[Result "0-1"]
[WhiteElo "2021"]
[BlackElo "2100"]
[PlyCount "108"]
[EventDate "2004.08.02"]
[EventType "swiss"]
[EventRounds "4"]
[EventCountry "RUS"]
[SourceTitle "EXT 2006"]
[Source "ChessBase"]
[SourceDate "2005.11.24"]
[SourceVersion "1"]
[SourceVersionDate "2005.11.24"]
[SourceQuality "1"]

1. d4 d5 2. e3 Nf6 3. Bd3 e6 4. Nd2 c5 5. c3 Nc6 6. f4 Bd6 7. Ne2 Qc7 8. 0-0 0-0 9. Ng3 cxd4 10. cxd4 Nb4 11. Bb1 Bd7 12. a3 Nc6 13. Nf3 Na5 14. Ng5 h6 15. Nh5 Nxh5 16. Qxh5 f5 17. Nf3 Nb3 18. g4 Nxa1 19. g5 Be8 20. Qh3 h5 21. b4 g6 22. Qg2 Nb3 23. Qb2 Nxc1 24. Rxc1 Qe7 25. Bd3 Bd7 26. Nh4 Kf7 27. Qg2 Rac8 28. Re1 Rc3 29. Be2 Rh8 30. Qf2 Rxa3 31. b5 Rb3 32. Qg2 Bb4 33. Ra1 Ra3 34. Rc1 Qd6 35. Nf3 Rxe3 36. Ne5+ Rxe5 37. fxe5 Qb6 38. Qf2 Rc8 39. Rd1 Bxb5 40. Bf3 Bc4 41. Qh4 Rh8 42. Qf2 a5 43. Qe3 Qa7 44. Kg2 b5 45. Rb1 Be7 46. h4 b4 47. Rc1 Qa6 48. Bd1 a4 49. Ra1 a3 50. Kf3 Qb6 51. Bc2 b3 52. Bd3 b2 53. Re1 Bxd3 54. Qxd3 a2 0-1

[Event "Kimry op"]
[Site "Kimry"]
[Date "2004.08.02"]
[Round "1"]
[White "Zuzin, Vladimir"]
[Black "Lashkov, Vladimir"]
[Result "1-0"]
[WhiteElo "2239"]
[BlackElo "2021"]
[PlyCount "64"]
[EventDate "2004.08.02"]
[EventType "swiss"]
[EventRounds "4"]
[EventCountry "RUS"]
[SourceTitle "EXT 2006"]
[Source "ChessBase"]
[SourceDate "2005.11.24"]
[SourceVersion "1"]
[SourceVersionDate "2005.11.24"]
[SourceQuality "1"]

1. d4 Nf6 2. c4 c5 3. d5 e6 4. Nc3 exd5 5. cxd5 d6 6. e4 a6 7. f4 b5 8. e5 Qe7 9. Qe2 dxe5 10. fxe5 Nfd7 11. Nf3 Nb6 12. Bg5 Qb7 13. 0-0-0 h6 14. Bh4 Bf5 15. Bg3 N8d7 16. Nh4 Bh7 17. e6 Nf6 18. exf7+ Kd8 19. Qe6 b4 20. Re1 Be7 21. d6 Nc8 22. dxe7+ Nxe7 23. Rd1+ Nd7 24. Nd5 Nxd5 25. Rxd5 c4 26. Bxc4 Rc8 27. Rd4 Rc6 28. Qd5 g5 29. Nf3 b3 30. axb3 Kc8 31. Rhd1 Rd8 32. Qxd7+ Rxd7 1-0